History of Assamese literature / (Record no. 22125)
[ view plain ]
| 000 -LEADER | |
|---|---|
| fixed length control field | 00805cam a2200265 a 4500 |
| 001 - CONTROL NUMBER | |
| control field | 22125 |
| 003 - CONTROL NUMBER IDENTIFIER | |
| rucl marc code | BD-RjUL |
| 005 - DATE AND TIME OF LATEST TRANSACTION | |
| control field | 20211209000753.0 |
| 008 - FIXED-LENGTH DATA ELEMENTS--GENERAL INFORMATION | |
| fixed length control field | 140306r19651964ii 001 0 eng |
| 035 ## - SYSTEM CONTROL NUMBER | |
| System control number | (BD-RjUL)22190 |
| System control number | (OCoLC)11732347 |
| 040 ## - CATALOGING SOURCE | |
| Original cataloging agency | DLC |
| Transcribing agency | NcWsW |
| Modifying agency | BD-RjUL |
| Language of cataloging | eng |
| 041 ## - LANGUAGE CODE | |
| Language code of text/sound track or separate title | eng |
| 082 00 - DEWEY DECIMAL CLASSIFICATION NUMBER | |
| Classification number | 891.45 |
| Author mark and year | BAH 1965 |
| 100 1# - MAIN ENTRY--PERSONAL NAME | |
| Personal name | Barua, Birinchi Kumar, |
| Dates associated with a name | 1910-1964. |
| 9 (RLIN) | 68313 |
| 245 10 - TITLE STATEMENT | |
| Title | History of Assamese literature / |
| Statement of responsibility, etc. | by Birinchi Kumar Barua. |
| 260 ## - PUBLICATION, DISTRIBUTION, ETC. (IMPRINT) | |
| Place of publication, distribution, etc. | New Delhi : |
| Name of publisher, distributor, etc. | Sahitya Akademi, |
| Date of publication, distribution, etc. | c1964 [Reprinted 1965]. |
| 300 ## - PHYSICAL DESCRIPTION | |
| Pagination | vi, 203 p. ; |
| Size | 22 cm. |
| 504 ## - BIBLIOGRAPHY, ETC. NOTE | |
| Bibliography, etc | Includes index. |
| 650 #0 - SUBJECT ADDED ENTRY--TOPICAL TERM | |
| Topical term or geographic name as entry element | Assamese literature |
| General subdivision | History and criticism. |
| 9 (RLIN) | 68315 |
| 942 ## - ADDED ENTRY ELEMENTS (KOHA) | |
| Source of classification or shelving scheme | Dewey Decimal Classification |
| Koha item type | Books |
| Lost status | Source of classification or shelving scheme | Damaged status | Not for loan | Collection code | Permanent Location | Current Location | Shelving location | Date acquired | Source of acquisition | Cost, normal purchase price | Total Checkouts | Full call number | Date last seen | Copy number | Koha item type |
|---|---|---|---|---|---|---|---|---|---|---|---|---|---|---|---|
| Dewey Decimal Classification | Added to bundle | Fiction | Central Library, University of Rajshahi | Central Library, University of Rajshahi | Reading Room | 31/05/1968 | Pak. Book center | 22.50 | 891.45 BAH 1965 | 06/03/2014 | C-1 | Books |